000
00246nam a2200097Ia 4500
005
20250424112923.0
008
250424s9999 xx 000 0 und d
300
_a
viii, 218p. ; ill. ; 22cm
650
_a
African philology--Periodicals.
942
_c
SR
999
_c
37882
_d
37882